[Event "4NCL chT 1995/96 3rd"]
[Site "Various"]
[Date "1996.01.21"]
[Round "4.75"]
[White "Franklin, Michael J"]
[Black "Morris, Charles F"]
[Result "1/2-1/2"]
[WhiteElo "2280"]
[BlackElo "2200"]
[PlyCount "83"]
[EventDate "1995.11.25"]
[EventType "team-tourn"]
[EventRounds "13"]
[EventCountry "GBR"]
[SourceTitle "BritBase"]
[Source "britbase.info"]
[SourceDate "2021.07.30"]
[SourceVersion "1"]
[SourceVersionDate "2021.07.30"]
[SourceQuality "1"]
[WhiteTeam "Richmond"]
[BlackTeam "South Wales Dragons"]
[WhiteTeamCountry "ENG"]
[BlackTeamCountry "ENG"]

1. c4 Nf6 2. Nc3 c5 3. e4 Nc6 4. Nge2 e5 5. d3 Nd4 6. a3 Be7 7. Nxd4 cxd4 8.
Ne2 O-O 9. Ng3 d6 10. Be2 b5 11. b3 bxc4 12. bxc4 Nd7 13. O-O Nc5 14. f4 Bh4
15. f5 Rb8 16. Nh5 Bd7 17. g3 Ba4 18. Qe1 Bf6 19. Nxf6+ Qxf6 20. g4 Nb3 21. g5
Qd8 22. Ra2 Nxc1 23. Qxc1 f6 24. h4 Qe7 25. Bf3 Rb7 26. Rg2 Rfb8 27. Qd2 Rb1
28. Rxb1 Rxb1+ 29. Kh2 Kf8 30. Qa5 Be8 31. Qd5 fxg5 32. hxg5 Bf7 33. Qa8+ Be8
34. Bh5 Qd7 35. g6 Qe7 36. Rg4 h6 37. Qd5 Rc1 38. Kg2 Rc3 39. Rg3 Rxa3 40. f6
Ra2+ 41. Kh1 Ra1+ 42. Kh2 {Source: South Wales Dragons} 1/2-1/2

[Event "4NCL chT 1995/96 3rd"]
[Site "Various"]
[Date "1996.01.21"]
[Round "4.76"]
[White "Spice, Alan P"]
[Black "Burke, John S"]
[Result "1-0"]
[WhiteElo "2190"]
[BlackElo "2065"]
[PlyCount "51"]
[EventDate "1995.11.25"]
[EventType "team-tourn"]
[EventRounds "13"]
[EventCountry "GBR"]
[SourceTitle "BritBase"]
[Source "britbase.info"]
[SourceDate "2021.07.30"]
[SourceVersion "1"]
[SourceVersionDate "2021.07.30"]
[SourceQuality "1"]
[WhiteTeam "South Wales Dragons"]
[BlackTeam "Richmond"]
[WhiteTeamCountry "ENG"]
[BlackTeamCountry "ENG"]

1. Nc3 c5 2. Nf3 Nc6 3. d4 cxd4 4. Nxd4 Nf6 5. e4 e6 6. g3 a6 7. Bg2 Be7 8. O-O
O-O 9. Nxc6 bxc6 10. e5 Ne8 11. Be3 Rb8 12. b3 f6 13. f4 Qa5 14. Qe1 fxe5 15.
Nd5 Qd8 16. Nxe7+ Qxe7 17. fxe5 Rb5 18. Rxf8+ Qxf8 19. Qc3 Nc7 20. Rf1 Qe7 21.
Qd4 Nd5 22. Bd2 c5 23. Qf2 Rb8 24. c4 Nb4 25. Bg5 Qe8 26. Qxc5 {Source: South
Wales Dragons} 1-0

[Event "4NCL chT 1995/96 3rd"]
[Site "Various"]
[Date "1996.01.21"]
[Round "4.78"]
[White "Furmage, Donna"]
[Black "Bates, Ruth"]
[Result "0-1"]
[WhiteElo "2010"]
[BlackElo "1720"]
[PlyCount "114"]
[EventDate "1995.11.25"]
[EventType "team-tourn"]
[EventRounds "13"]
[EventCountry "GBR"]
[SourceTitle "BritBase"]
[Source "britbase.info"]
[SourceDate "2021.07.30"]
[SourceVersion "1"]
[SourceVersionDate "2021.07.30"]
[SourceQuality "1"]
[WhiteTeam "South Wales Dragons"]
[BlackTeam "Richmond"]
[WhiteTeamCountry "ENG"]
[BlackTeamCountry "ENG"]

1. e4 g6 2. Nc3 Bg7 3. Bc4 d6 4. d3 Nf6 5. f4 c6 6. Nf3 e6 7. Bb3 Nbd7 8. Qe2
O-O 9. O-O Nc5 10. Be3 Nxb3 11. axb3 a6 12. Nd1 Ng4 13. c3 Nxe3 14. Qxe3 e5 15.
fxe5 dxe5 16. Nf2 Be6 17. b4 Qe7 18. Rad1 Rad8 19. Rfe1 Rd7 20. Rd2 Rfd8 21.
Ra1 f6 22. Ra5 Qf8 23. Qe2 Bb3 24. Ra3 Be6 25. d4 Qe7 26. Ra5 exd4 27. Rxd4
Rxd4 28. Nxd4 Bf7 29. Ra1 Qc7 30. Qg4 Qd7 31. Qxd7 Rxd7 32. Re1 Re7 33. Nd3 Bc4
34. Nc5 f5 35. Kf2 Bxd4+ 36. cxd4 b6 37. Na4 fxe4 38. Nxb6 Bd5 39. Ra1 e3+ 40.
Ke2 Bxg2 41. Rxa6 Bf3+ 42. Ke1 e2 43. Nc4 Bd5 44. Ne5 Rb7 45. Kxe2 Rxb4 46.
Nxc6 Rxb2+ 47. Ke3 Bxc6 48. Rxc6 Rxh2 49. d5 Kf7 50. Re6 Rh1 51. Kd4 Rc1 52.
Re3 Rc8 53. d6 Re8 54. Rc3 Ke6 55. Re3+ Kd7 56. Rh3 h5 57. Rg3 Re6 {Source:
South Wales Dragons} 0-1

[Event "4NCL chT 1995/96 3rd"]
[Site "Various"]
[Date "1996.02.17"]
[Round "5.11"]
[White "Cooper, John Grantley"]
[Black "Beaumont, Chris"]
[Result "1-0"]
[WhiteElo "2390"]
[BlackElo "2330"]
[PlyCount "83"]
[EventDate "1995.11.25"]
[EventType "team-tourn"]
[EventRounds "13"]
[EventCountry "GBR"]
[SourceTitle "BritBase"]
[Source "britbase.info"]
[SourceDate "2021.07.30"]
[SourceVersion "1"]
[SourceVersionDate "2021.07.30"]
[SourceQuality "1"]
[WhiteTeam "South Wales Dragons"]
[BlackTeam "Bristol"]
[WhiteTeamCountry "ENG"]
[BlackTeamCountry "ENG"]

1. d4 Nf6 2. c4 g6 3. Nc3 Bg7 4. e4 d6 5. Nf3 O-O 6. Be2 e5 7. d5 Na6 8. Nd2
Bh6 9. Nb3 Bxc1 10. Qxc1 c5 11. O-O Qe7 12. f4 exf4 13. Qxf4 Nd7 14. Nb5 Ne5
15. Qf6 Qxf6 16. Rxf6 Kg7 17. Rxd6 f5 18. Rf1 Nf7 19. Rxa6 bxa6 20. Nc7 Rb8 21.
Nxc5 Rxb2 22. N7e6+ Kg8 23. Nxf8 Rxe2 24. Nfd7 fxe4 25. Nxe4 Kg7 26. Ndf6 Bf5
27. Ng3 Rc2 28. Nfh5+ Kg8 29. Nxf5 gxf5 30. Rxf5 Nd6 31. Rg5+ Kf8 32. Rg7 Nxc4
33. h4 Nd6 34. Rg5 Ne4 35. Rg7 Nd6 36. Rg5 Ne4 37. Rf5+ Kg8 38. Rf4 Nc3 39. d6
Nd1 40. Kh2 Ne3 41. Rd4 Nxg2 42. Kh3 {Source: John Cooper} 1-0

[Event "4NCL chT 1995/96 3rd"]
[Site "Various"]
[Date "1996.02.17"]
[Round "5.12"]
[White "Burgess, Graham"]
[Black "Cummings, David H"]
[Result "1-0"]
[WhiteElo "2280"]
[BlackElo "2350"]
[PlyCount "93"]
[EventDate "1995.11.25"]
[EventType "team-tourn"]
[EventRounds "13"]
[EventCountry "GBR"]
[SourceTitle "BritBase"]
[Source "britbase.info"]
[SourceDate "2021.07.30"]
[SourceVersion "1"]
[SourceVersionDate "2021.07.30"]
[SourceQuality "1"]
[WhiteTeam "Bristol"]
[BlackTeam "South Wales Dragons"]
[WhiteTeamCountry "ENG"]
[BlackTeamCountry "ENG"]

1. d4 Nf6 2. Nf3 g6 3. c4 Bg7 4. Nc3 O-O 5. e4 d6 6. Be2 e5 7. O-O Nc6 8. d5
Ne7 9. b4 Nh5 10. Re1 f5 11. Ng5 Nf4 12. Bxf4 exf4 13. Rc1 a5 14. b5 h6 15. Ne6
Bxe6 16. dxe6 c6 17. Bf3 Qc7 18. exf5 gxf5 19. Bh5 Be5 20. Qf3 Rf6 21. Ne2 Rxe6
22. Nxf4 Rf6 23. Nd3 Kh8 24. Re2 Rg8 25. Rce1 Ng6 26. Bxg6 Rfxg6 27. g3 cxb5
28. cxb5 f4 29. Nxe5 dxe5 30. Rxe5 fxg3 31. hxg3 Qb6 32. Kg2 Qd4 33. Qxb7 Rf6
34. R1e2 Rgf8 35. R5e3 R6f7 36. Qe4 Qc5 37. Qe5+ Qxe5 38. Rxe5 a4 39. Re6 Kg7
40. b6 Rb8 41. R2e4 Rf6 42. Rxf6 Kxf6 43. Rb4 Rb7 44. Kf3 Ke5 45. Kg4 Kd5 46.
Kh5 Kc5 47. a3 {Source: South Wales Dragons} 1-0

[Event "4NCL chT 1995/96 3rd"]
[Site "Various"]
[Date "1996.02.17"]
[Round "5.13"]
[White "Morris, Charles F"]
[Black "Phillips, Roy Jean Noel"]
[Result "1-0"]
[WhiteElo "2200"]
[BlackElo "2130"]
[PlyCount "165"]
[EventDate "1995.11.25"]
[EventType "team-tourn"]
[EventRounds "13"]
[EventCountry "GBR"]
[SourceTitle "BritBase"]
[Source "britbase.info"]
[SourceDate "2021.07.30"]
[SourceVersion "1"]
[SourceVersionDate "2021.07.30"]
[SourceQuality "1"]
[WhiteTeam "South Wales Dragons"]
[BlackTeam "Bristol"]
[WhiteTeamCountry "ENG"]
[BlackTeamCountry "ENG"]

1. c4 Nf6 2. Nc3 g6 3. g3 Bg7 4. Bg2 O-O 5. d4 d6 6. Nf3 Nbd7 7. O-O e5 8. h3
exd4 9. Nxd4 Re8 10. e4 a6 11. Be3 Rb8 12. Qc2 c5 13. Nde2 b5 14. cxb5 axb5 15.
Rad1 b4 16. Nd5 Ba6 17. Rfe1 Nxd5 18. Rxd5 Nb6 19. Rdd1 Qe7 20. Nf4 Bb7 21. f3
Ra8 22. b3 Ra3 23. Nd3 Rea8 24. Nc1 Bc3 25. Bd2 Bd4+ 26. Kh2 Bg7 27. Bf4 Be5
28. Bxe5 dxe5 29. Qd2 Re8 30. Qd6 Nc8 31. Qxe7 Rxe7 32. Bf1 Kg7 33. Rd2 Ba6 34.
Rc2 Bxf1 35. Rxf1 Ra5 36. Nd3 Rea7 37. Rff2 Nd6 38. Nxe5 R5a6 39. Nd3 Nb7 40.
e5 Ra5 41. f4 Ra8 42. Rfd2 h6 43. Nf2 Nd8 44. g4 Ne6 45. Kg3 Nd4 46. Rb2 Nb5
47. Rd7 Nc3 48. e6 Kf6 49. exf7 Rf8 50. Kf3 Rxf7 51. Ne4+ Nxe4 52. Rxf7+ Kxf7
53. Kxe4 Ke6 54. Rc2 Rb5 55. h4 Ra5 56. Rh2 h5 57. gxh5 gxh5 58. Rc2 Rb5 59.
Rf2 Rb8 60. f5+ Kf6 61. Kd5 Rc8 62. Rf4 Rc7 63. Rf3 Rg7 64. Rf4 Rc7 65. Kd6 Rc8
66. Rc4 Ra8 67. Kxc5 Rxa2 68. Kxb4 Kxf5 69. Kc5 Ra8 70. Kd6 Rd8+ 71. Kc7 Rg8
72. b4 Rg4 73. Rc5+ Kg6 74. b5 Rxh4 75. b6 Rf4 76. b7 Rf7+ 77. Kb6 Rf8 78. Rc8
Rf1 79. Rc5 Rf8 80. Ka7 h4 81. b8=Q Rxb8 82. Kxb8 h3 83. Rc3 {Source: South
Wales Dragons} 1-0

[Event "4NCL chT 1995/96 3rd"]
[Site "Various"]
[Date "1996.02.17"]
[Round "5.14"]
[White "Mordue, A Tyson"]
[Black "Smith, Jeff R"]
[Result "1-0"]
[WhiteElo "2240"]
[BlackElo "2225"]
[PlyCount "77"]
[EventDate "1995.11.25"]
[EventType "team-tourn"]
[EventRounds "13"]
[EventCountry "GBR"]
[SourceTitle "BritBase"]
[Source "britbase.info"]
[SourceDate "2021.07.30"]
[SourceVersion "1"]
[SourceVersionDate "2021.07.30"]
[SourceQuality "1"]
[WhiteTeam "Bristol"]
[BlackTeam "South Wales Dragons"]
[WhiteTeamCountry "ENG"]
[BlackTeamCountry "ENG"]

1. e4 e6 2. d4 d5 3. Nd2 Nf6 4. Bd3 c5 5. e5 Nfd7 6. c3 Nc6 7. Ne2 Qb6 8. Nf3
cxd4 9. cxd4 f6 10. exf6 Nxf6 11. O-O Bd6 12. b3 O-O 13. Bb2 Bd7 14. Rc1 Rae8
15. Bb1 Re7 16. Ng3 Bf4 17. Rc2 Ne4 18. Re2 Ng5 19. Ne1 Be8 20. Ba3 Nb4 21. Nd3
a5 22. Nxf4 Rxf4 23. Rd2 Ne4 24. Nxe4 dxe4 25. g3 e3 26. fxe3 Rxf1+ 27. Qxf1
Bb5 28. Qh3 g6 29. Rf2 e5 30. Qh6 Qd8 31. Bxb4 axb4 32. Be4 Rg7 33. dxe5 Bc6
34. Bxc6 bxc6 35. Qf4 g5 36. Qc4+ Qd5 37. Qxb4 Rf7 38. Rxf7 Kxf7 39. Qc4 {
Source: South Wales Dragons} 1-0

[Event "4NCL chT 1995/96 3rd"]
[Site "Various"]
[Date "1996.02.17"]
[Round "5.15"]
[White "Spice, Alan P"]
[Black "Binks, Michael"]
[Result "1-0"]
[WhiteElo "2190"]
[BlackElo "2100"]
[PlyCount "145"]
[EventDate "1995.11.25"]
[EventType "team-tourn"]
[EventRounds "13"]
[EventCountry "GBR"]
[SourceTitle "BritBase"]
[Source "britbase.info"]
[SourceDate "2021.07.30"]
[SourceVersion "1"]
[SourceVersionDate "2021.07.30"]
[SourceQuality "1"]
[WhiteTeam "South Wales Dragons"]
[BlackTeam "Bristol"]
[WhiteTeamCountry "ENG"]
[BlackTeamCountry "ENG"]

1. Nc3 d5 2. e4 d4 3. Nce2 e5 4. Ng3 Be6 5. Nf3 f6 6. c3 c5 7. cxd4 cxd4 8.
Bb5+ Nc6 9. O-O Bd6 10. d3 Nge7 11. Nh4 O-O 12. Nhf5 g6 13. Nxd6 Qxd6 14. Bh6
Rf7 15. f4 exf4 16. Bxf4 Qb4 17. Qa4 a6 18. Qxb4 Nxb4 19. Bc4 Bxc4 20. dxc4 Nd3
21. b3 Nxf4 22. Rxf4 Nc6 23. Rd1 Rd8 24. Rf2 Kg7 25. Rfd2 Re7 26. Kf2 h5 27. h4
Kf7 28. a3 g5 29. hxg5 fxg5 30. Nxh5 Rxe4 31. Ng3 Re3 32. Rd3 Ke6 33. Ne2 Rf8+
34. Ke1 Rh8 35. Rxe3+ dxe3 36. Nd4+ Ke5 37. Nxc6+ bxc6 38. Ke2 Kf4 39. Rd4+ Kg3
40. Kxe3 Re8+ 41. Kd2 Rg8 42. Rd6 c5 43. b4 cxb4 44. axb4 Kxg2 45. Rxa6 Kf3 46.
Kd3 g4 47. Rf6+ Kg2 48. c5 g3 49. b5 Kg1 50. Ra6 g2 51. Ra2 Rf8 52. Rxg2+ Kxg2
53. c6 Kf3 54. b6 Rf6 55. c7 Rd6+ 56. Kc4 Rxb6 57. c8=Q Rf6 58. Kd5 Rf4 59.
Qh3+ Ke2 60. Qg2+ Rf2 61. Qe4+ Kf1 62. Kd4 Rd2+ 63. Kc3 Rg2 64. Kd3 Kf2 65.
Qe3+ Kf1 66. Qf3+ Kg1 67. Ke3 Kh2 68. Qh5+ Kg1 69. Qh4 Rh2 70. Qe1+ Kg2 71.
Qf2+ Kh3 72. Qf3+ Kh4 73. Kf4 {Source: South Wales Dragons} 1-0

[Event "4NCL chT 1995/96 3rd"]
[Site "Various"]
[Date "1996.02.17"]
[Round "5.16"]
[White "Helbig, Paul"]
[Black "Dineley, Richard"]
[Result "1/2-1/2"]
[WhiteElo "2190"]
[BlackElo "2255"]
[PlyCount "39"]
[EventDate "1995.11.25"]
[EventType "team-tourn"]
[EventRounds "13"]
[EventCountry "GBR"]
[SourceTitle "BritBase"]
[Source "britbase.info"]
[SourceDate "2021.07.30"]
[SourceVersion "1"]
[SourceVersionDate "2021.07.30"]
[SourceQuality "1"]
[WhiteTeam "Bristol"]
[BlackTeam "South Wales Dragons"]
[WhiteTeamCountry "ENG"]
[BlackTeamCountry "ENG"]

1. e4 c5 2. Nc3 Nc6 3. g3 g6 4. Bg2 Bg7 5. d3 d6 6. f4 e6 7. Nf3 Nge7 8. O-O
O-O 9. Ne2 Rb8 10. c3 b6 11. Rb1 Qd7 12. a3 Bb7 13. b4 f5 14. c4 Nd8 15. Qc2
Rc8 16. b5 Nf7 17. Bb2 Bxb2 18. Rxb2 d5 19. exd5 exd5 20. Nc3 {Source: South
Wales Dragons} 1/2-1/2

[Event "4NCL chT 1995/96 3rd"]
[Site "Various"]
[Date "1996.02.17"]
[Round "5.21"]
[White "Chandler, Murray G"]
[Black "Kinsman, Andrew PH"]
[Result "1-0"]
[WhiteElo "2535"]
[BlackElo "2365"]
[PlyCount "85"]
[EventDate "1995.11.25"]
[EventType "team-tourn"]
[EventRounds "13"]
[EventCountry "GBR"]
[SourceTitle "BritBase"]
[Source "britbase.info"]
[SourceDate "2021.07.30"]
[SourceVersion "1"]
[SourceVersionDate "2021.07.30"]
[SourceQuality "1"]
[WhiteTeam "British Chess Magazine"]
[BlackTeam "Guildford"]
[WhiteTeamCountry "ENG"]
[BlackTeamCountry "ENG"]

1. e4 c5 2. Nf3 Nc6 3. d4 cxd4 4. Nxd4 e5 5. Nb5 a6 6. Nd6+ Bxd6 7. Qxd6 Qf6 8.
Qd1 Qg6 9. Nc3 d5 10. Nxd5 Qxe4+ 11. Ne3 Nf6 12. Bd3 Qb4+ 13. c3 Qe7 14. O-O
O-O 15. b3 e4 16. Be2 Rd8 17. Qc2 Be6 18. Bb2 Rac8 19. c4 Nd4 20. Bxd4 Rxd4 21.
Rad1 Rxd1 22. Rxd1 Rd8 23. Rxd8+ Qxd8 24. Qc3 Qc7 25. h3 Nd5 26. Nxd5 Bxd5 27.
Qd4 Bc6 28. b4 Qd7 29. Qb6 f5 30. b5 axb5 31. cxb5 Bd5 32. a4 h6 33. a5 f4 34.
Bg4 Qf7 35. Qd8+ Kh7 36. Qd7 Qxd7 37. Bxd7 e3 38. fxe3 fxe3 39. Bc8 e2 40. Kf2
Bxg2 41. a6 bxa6 42. bxa6 Bf1 43. Ke1 {Source: StarBase 4.56} 1-0

[Event "4NCL chT 1995/96 3rd"]
[Site "Various"]
[Date "1996.02.17"]
[Round "5.42"]
[White "Baker, Chris W"]
[Black "Knott, Simon JB"]
[Result "1-0"]
[WhiteElo "2340"]
[BlackElo "2315"]
[PlyCount "43"]
[EventDate "1995.11.25"]
[EventType "team-tourn"]
[EventRounds "13"]
[EventCountry "GBR"]
[SourceTitle "BritBase"]
[Source "britbase.info"]
[SourceDate "2021.07.30"]
[SourceVersion "1"]
[SourceVersionDate "2021.07.30"]
[SourceQuality "1"]
[WhiteTeam "Witney"]
[BlackTeam "Hertford"]
[WhiteTeamCountry "ENG"]
[BlackTeamCountry "ENG"]

1. e4 e6 2. Nf3 d5 3. Nc3 Be7 4. d4 Nf6 5. Bd3 c5 6. e5 Nfd7 7. O-O Nc6 8. Re1
g5 9. h4 g4 10. Ng5 cxd4 11. Nxd5 Ndxe5 12. Nxe7 Qxe7 13. Bb5 Bd7 14. c3 d3 15.
Ne4 h6 16. Bf4 Ng6 17. Bd6 Qxh4 18. Qxd3 f5 19. Nc5 O-O-O 20. Ba6 Na5 21. Bxb7+
Nxb7 22. Qa6 1-0

[Event "4NCL chT 1995/96 3rd"]
[Site "Various"]
[Date "1996.02.17"]
[Round "5.51"]
[White "Parker, Jonathan"]
[Black "Emms, John M"]
[Result "0-1"]
[WhiteElo "2480"]
[BlackElo "2500"]
[PlyCount "94"]
[EventDate "1995.11.25"]
[EventType "team-tourn"]
[EventRounds "13"]
[EventCountry "GBR"]
[SourceTitle "BritBase"]
[Source "britbase.info"]
[SourceDate "2021.07.30"]
[SourceVersion "1"]
[SourceVersionDate "2021.07.30"]
[SourceQuality "1"]
[WhiteTeam "Midland Monarchs"]
[BlackTeam "Wood Green"]
[WhiteTeamCountry "ENG"]
[BlackTeamCountry "ENG"]

1. d4 Nf6 2. c4 e6 3. Nf3 c5 4. d5 d6 5. Nc3 exd5 6. cxd5 g6 7. h3 a6 8. e4 b5
9. Bd3 Bg7 10. O-O c4 11. Bc2 O-O 12. a3 Nbd7 13. Bf4 Qb6 14. Be3 Qc7 15. Nd4
Re8 16. f3 Nc5 17. Qd2 Bd7 18. Rac1 Rac8 19. g4 Qb8 20. Kh1 a5 21. Nf5 Bxf5 22.
gxf5 Nh5 23. Rg1 b4 24. axb4 axb4 25. Nd1 b3 26. Bb1 Na4 27. Bd4 Bxd4 28. Qxd4
Qb6 29. Qd2 Qd8 30. Nc3 Nxc3 31. Rxc3 Rc5 32. Rg4 Qf6 33. Rc1 Rec8 34. Rc3 Kh8
35. fxg6 fxg6 36. f4 Rf8 37. Rf3 Rcc8 38. Kg2 Ra8 39. Rf1 Ra1 40. Qf2 g5 41. f5
Nf4+ 42. Kh2 Qe5 43. h4 Nxd5+ 44. Kg1 Nf6 45. Rxg5 Rxb1 46. Rxb1 Nxe4 47. f6
Nxg5 0-1

[Event "4NCL chT 1995/96 3rd"]
[Site "Various"]
[Date "1996.02.17"]
[Round "5.71"]
[White "Quillan, Gary"]
[Black "Adams, Michael"]
[Result "0-1"]
[WhiteElo "2310"]
[BlackElo "2660"]
[PlyCount "56"]
[EventDate "1995.11.25"]
[EventType "team-tourn"]
[EventRounds "13"]
[EventCountry "GBR"]
[SourceTitle "BritBase"]
[Source "britbase.info"]
[SourceDate "2021.07.30"]
[SourceVersion "1"]
[SourceVersionDate "2021.07.30"]
[SourceQuality "1"]
[WhiteTeam "North West Eagles"]
[BlackTeam "Slough"]
[WhiteTeamCountry "ENG"]
[BlackTeamCountry "ENG"]

1. e4 e5 2. Nf3 Nc6 3. Bb5 a6 4. Ba4 Nf6 5. O-O b5 6. Bb3 Bc5 7. c3 d6 8. d4
Bb6 9. Bg5 h6 10. Bh4 g5 11. Bg3 O-O 12. dxe5 Nxe5 13. Bxe5 dxe5 14. Qxd8 Rxd8
15. Nxe5 Kg7 16. a4 Re8 17. Nd3 Bb7 18. e5 Ng4 19. axb5 Be4 20. Bc4 Rad8 21. h3
Bxd3 22. Bxd3 Nxf2 23. Bc4 axb5 24. Bxb5 Rxe5 25. Na3 Rd2 26. Nc4 Rxb5 27. Nxb6
Nxh3+ 28. gxh3 Rbxb2 {Source: BCM, April 1996, p189} 0-1

[Event "4NCL chT 1995/96 3rd"]
[Site "Various"]
[Date "1996.02.17"]
[Round "5.73"]
[White "Merriman, John"]
[Black "Kosten, Anthony C"]
[Result "1-0"]
[WhiteElo "2270"]
[BlackElo "2540"]
[PlyCount "67"]
[EventDate "1995.11.25"]
[EventType "team-tourn"]
[EventRounds "13"]
[EventCountry "GBR"]
[SourceTitle "BritBase"]
[Source "britbase.info"]
[SourceDate "2021.07.30"]
[SourceVersion "1"]
[SourceVersionDate "2021.07.30"]
[SourceQuality "1"]
[WhiteTeam "North West Eagles"]
[BlackTeam "Slough"]
[WhiteTeamCountry "ENG"]
[BlackTeamCountry "ENG"]

1. d4 Nf6 2. c4 e6 3. Nc3 Bb4 4. e3 O-O 5. Nge2 d5 6. a3 Be7 7. Nf4 dxc4 8.
Bxc4 c5 9. O-O Nc6 10. dxc5 Bxc5 11. b4 Bd6 12. Ra2 Be5 13. Rc2 Bd7 14. Nd3 Bb8
15. Nc5 Qc7 16. f4 Bc8 17. N3e4 Nxe4 18. Nxe4 Qe7 19. b5 Na5 20. Ba2 Bd7 21.
Bd2 Qxa3 22. Bc3 Bxb5 23. Qg4 e5 24. Nf6+ Kh8 25. Qf5 Bd3 26. Qxd3 gxf6 27. Qf5
Kg7 28. Rf3 Rd8 29. fxe5 Rd1+ 30. Kf2 Bxe5 31. Bxe5 Kf8 32. Qxf6 Rf1+ 33. Kxf1
Qd3+ 34. Re2 {Source: BCM, April 1996, p189} 1-0

[Event "4NCL chT 1995/96 3rd"]
[Site "Various"]
[Date "1996.02.18"]
[Round "6.11"]
[White "Beaumont, Chris"]
[Black "Emms, John M"]
[Result "0-1"]
[WhiteElo "2330"]
[BlackElo "2500"]
[PlyCount "62"]
[EventDate "1995.11.25"]
[EventType "team-tourn"]
[EventRounds "13"]
[EventCountry "GBR"]
[SourceTitle "BritBase"]
[Source "britbase.info"]
[SourceDate "2021.07.30"]
[SourceVersion "1"]
[SourceVersionDate "2021.07.30"]
[SourceQuality "1"]
[WhiteTeam "Bristol"]
[BlackTeam "Wood Green"]
[WhiteTeamCountry "ENG"]
[BlackTeamCountry "ENG"]

1. d4 Nf6 2. c4 e6 3. g3 c5 4. d5 exd5 5. cxd5 d6 6. Nc3 g6 7. Bg2 Bg7 8. Nf3
O-O 9. O-O Re8 10. Nd2 Nbd7 11. Nc4 Nb6 12. Nd2 a6 13. a4 Nbd7 14. Nc4 Ne5 15.
Na3 Nh5 16. Rb1 Bf5 17. e4 Bd7 18. b4 cxb4 19. Rxb4 Qa5 20. Rb3 Rac8 21. Nab1
b5 22. axb5 axb5 23. Ba3 Nc4 24. Bb4 Qb6 25. Ne2 f5 26. exf5 Bxf5 27. Bc3 Bg4
28. Re1 Rf8 29. Bxg7 Qxf2+ 30. Kh1 Nxg7 31. h3 Nf5 0-1

[Event "4NCL chT 1995/96 3rd"]
[Site "Various"]
[Date "1996.02.18"]
[Round "6.31"]
[White "Howell, James C"]
[Black "Gormally, Daniel"]
[Result "1-0"]
[WhiteElo "2490"]
[BlackElo "2265"]
[PlyCount "68"]
[EventDate "1995.11.25"]
[EventType "team-tourn"]
[EventRounds "13"]
[EventCountry "GBR"]
[SourceTitle "BritBase"]
[Source "britbase.info"]
[SourceDate "2021.07.30"]
[SourceVersion "1"]
[SourceVersionDate "2021.07.30"]
[SourceQuality "1"]
[WhiteTeam "Midland Monarchs"]
[BlackTeam "Croydon 1859"]
[WhiteTeamCountry "ENG"]
[BlackTeamCountry "ENG"]

1. e4 c5 2. Nf3 d6 3. d4 cxd4 4. Nxd4 Nf6 5. Nc3 a6 6. Bg5 e6 7. f4 Be7 8. Qf3
Qc7 9. O-O-O Nbd7 10. g4 b5 11. Bxf6 Nxf6 12. a3 Rb8 13. f5 h6 14. h4 e5 15.
Nde2 Bb7 16. g5 hxg5 17. hxg5 Rxh1 18. Qxh1 Nd7 19. Qh8+ Bf8 20. Ng3 Qc5 21.
Kb1 Qe3 22. f6 g6 23. Qh4 Nb6 24. Nd5 Bxd5 25. exd5 Rc8 26. Qg4 Rc7 27. Ne4 Nc4
28. Qe2 Qb6 29. Rd3 a5 30. Qf2 Qb7 31. Rd1 b4 32. a4 Kd8 33. Qh4 Qc8 34. Qh8
Ke8 1-0

[Event "4NCL chT 1995/96 3rd"]
[Site "Various"]
[Date "1996.02.18"]
[Round "6.53"]
[White "Richardson, John R"]
[Black "Kosten, Anthony C"]
[Result "0-1"]
[WhiteElo "2280"]
[BlackElo "2540"]
[Annotator "ChessBase II"]
[PlyCount "80"]
[EventDate "1995.11.25"]
[EventType "team-tourn"]
[EventRounds "13"]
[EventCountry "GBR"]
[SourceTitle "BritBase"]
[Source "britbase.info"]
[SourceDate "2021.07.30"]
[SourceVersion "1"]
[SourceVersionDate "2021.07.30"]
[SourceQuality "1"]
[WhiteTeam "Na Fianna"]
[BlackTeam "Slough"]
[WhiteTeamCountry "ENG"]
[BlackTeamCountry "ENG"]

1. d4 e6 2. c4 Bb4+ 3. Nc3 c5 4. d5 Bxc3+ 5. bxc3 Qa5 6. e4 Qxc3+ 7. Bd2 Qf6 8.
Nf3 e5 9. Qa4 Qg6 $2 10. Bd3 $1 Qd6 (10... Qxg2 11. Ke2 $18) 11. Bc3 f6 12. Nh4
Ne7 13. O-O O-O 14. f4 exf4 15. Rae1 $6 Nbc6 $1 16. Bb1 Ne5 17. Rxf4 N7g6 18.
Nxg6 hxg6 19. Ref1 Re8 20. g4 Qe7 21. g5 fxg5 22. Bxe5 gxf4 23. Bxf4 Rf8 24.
Qb3 g5 25. Bg3 Rxf1+ 26. Kxf1 d6 27. Kg2 Bg4 28. Qd3 Rf8 29. e5 Bf5 30. Qxf5
Rxf5 31. Bxf5 dxe5 32. Be6+ Kh8 33. Bxe5 b5 34. Kf3 bxc4 35. Ke2 Qb7 36. Bc3
Qb1 37. Bd2 Qd3+ 38. Ke1 c3 39. Bxg5 c2 40. Bd2 Qf3 0-1

[Event "4NCL chT 1995/96 3rd"]
[Site "Various"]
[Date "1996.02.18"]
[Round "6.61"]
[White "Merriman, John"]
[Black "Cooper, John Grantley"]
[Result "1/2-1/2"]
[WhiteElo "2270"]
[BlackElo "2390"]
[PlyCount "45"]
[EventDate "1995.11.25"]
[EventType "team-tourn"]
[EventRounds "13"]
[EventCountry "GBR"]
[SourceTitle "BritBase"]
[Source "britbase.info"]
[SourceDate "2021.07.30"]
[SourceVersion "1"]
[SourceVersionDate "2021.07.30"]
[SourceQuality "1"]
[WhiteTeam "North West Eagles"]
[BlackTeam "South Wales Dragons"]
[WhiteTeamCountry "ENG"]
[BlackTeamCountry "ENG"]

1. d4 Nf6 2. c4 e6 3. Nc3 Bb4 4. e3 O-O 5. Nge2 d5 6. a3 Be7 7. Nf4 c6 8. Bd3
Nbd7 9. cxd5 Nxd5 10. Nfe2 Nxc3 11. bxc3 c5 12. Qc2 h6 13. f4 b6 14. O-O Bb7
15. Ng3 Rc8 16. Qe2 cxd4 17. cxd4 f5 18. e4 fxe4 19. Bxe4 Bxe4 20. Qxe4 Bf6 21.
Ra2 Re8 22. Rd2 Nf8 23. Nh5 {Source: South Wales Dragons} 1/2-1/2